|
|
|
|
| LEADER |
02173nam a2200565 i 4500 |
| 001 |
nkc20223486304 |
| 003 |
CZ PrNK |
| 005 |
20230404121318.0 |
| 007 |
ta |
| 008 |
230216s2023 xr ab e 000 0 cze |
| 015 |
|
|
|a cnb003486304
|
| 020 |
|
|
|a 978-80-88427-98-8
|q (vázáno)
|
| 035 |
|
|
|a (OCoLC)1375350820
|
| 040 |
|
|
|a ABA001
|b cze
|e rda
|
| 041 |
1 |
|
|a cze
|a eng
|h cze
|
| 043 |
|
|
|a e-xr---
|b e-xr-mr
|2 czenas
|
| 072 |
|
7 |
|a 913(437)
|x Geografie Česka a Slovenska, reálie, cestování
|2 Konspekt
|9 7
|
| 080 |
|
|
|a 778.35
|2 MRF
|
| 080 |
|
|
|a 913(437.32-12)
|2 MRF
|
| 080 |
|
|
|a (437.32-12)
|2 MRF
|
| 080 |
|
|
|a (084.12)
|2 MRF
|
| 100 |
1 |
|
|a Srněnská, Radka,
|d 1974-
|7 mzk20201094047
|4 aut
|
| 245 |
1 |
0 |
|a Luhačovské Zálesí z nebe =
|b The Luhačovské Zálesí Region from heaven /
|c Radka Srněnská, Barbora Krajčová a kolektiv CBS ; překlad: Skřivánek s.r.o.
|
| 246 |
3 |
1 |
|a Luhačovské Zálesí Region from heaven
|
| 250 |
|
|
|a 1. vydání
|
| 264 |
|
1 |
|a Zlín :
|b Creative Business Studio,
|c 2023
|
| 300 |
|
|
|a 134 stran :
|b barevné ilustrace, mapy ;
|c 18 x 26 cm
|
| 336 |
|
|
|a text
|b txt
|2 rdacontent
|
| 336 |
|
|
|a statický obraz
|b sti
|2 rdacontent
|
| 337 |
|
|
|a bez média
|b n
|2 rdamedia
|
| 338 |
|
|
|a svazek
|b nc
|2 rdacarrier
|
| 490 |
1 |
|
|a Česko z nebe
|
| 500 |
|
|
|a 2450 výtisků
|
| 546 |
|
|
|a Souběžný anglický text
|
| 650 |
0 |
7 |
|a letecká fotografie
|7 ph115127
|z Česko
|2 czenas
|
| 650 |
0 |
9 |
|a aerial photography
|z Czechia
|2 eczenas
|
| 651 |
|
7 |
|a Zálesí (Česko : národopisná oblast)
|7 ge242858
|x reálie
|2 czenas
|
| 651 |
|
9 |
|a Zálesí (Czechia : ethnographical region)
|x description and travel
|2 eczenas
|
| 655 |
|
7 |
|a fotografické publikace
|7 fd132276
|2 czenas
|
| 655 |
|
9 |
|a photographical works
|2 eczenas
|
| 700 |
1 |
|
|a Krajčová, Barbora,
|d 1983-
|7 jo20231178546
|4 aut
|
| 710 |
2 |
|
|a CBS Nakladatelství
|7 ko20201088402
|4 aut
|
| 710 |
2 |
|
|a Skřivánek (firma)
|7 xx0028031
|4 trl
|
| 830 |
|
0 |
|a Česko z nebe
|0 s
|
| 910 |
2 |
|
|a BOA001
|b 3-1504.221
|
| 928 |
9 |
|
|a CBS Nakladatelství
|
| 990 |
|
|
|a BK
|
| 995 |
|
|
|a 01
|
| 991 |
|
|
|b 202302
|c NOV
|
| 996 |
6 |
|
|b 2610930645
|c 3-1504.221
|l MZK
|r Sklad / do 1 hodiny
|n 0
|p p.v.
|w 001914982
|u 000010
|a 1
|e BOA001
|j MZK50
|s P
|